00621nam a2200157 a 450000100100000000500170001000800410002704000250006811000320009324501350012526000520026030000200031204900090033295201050034199900170044600003358720200930070351.0110901s1889 000 spa d aDO-SdBNPbspacBNPHU1 aRepública Dominicana944710aMemoria que el Secretario de Estado de Hacienda y Comercio presenta al ciudadano presidente de la República, febrero 20 de 1889. a[Santo Domingo ] :bHacienda y Comercio,c1889. a53 p. ;c26 cm. aBNPD 001050718RVaPDbPDcCTd2011-09-01iLF1l0o p33587-10r2020-06-25w2020-06-25y1ZNo se presta c33078d33078